[Event "EU-ch Amateur Online Final 1400/1700"]
[Site "Tornelo INT"]
[Date "2021.04.18"]
[Round "5"]
[White "Oikonomopoulos, Filippos"]
[Black "Yakubovskiy, Gleb"]
[Result "1-0"]
[WhiteElo "1574"]
[BlackElo "1091"]
[PlyCount "43"]
[EventDate "2021.04.18"]
[EventType "swiss (rapid)"]
[EventRounds "9"]
[EventCountry "NET"]
[SourceTitle "EXT 2023"]
[Source "ChessBase"]
[SourceDate "2022.10.05"]
[SourceVersion "1"]
[SourceVersionDate "2022.10.05"]
[SourceQuality "1"]

1. d4 d5 2. Bf4 Nf6 3. e3 e6 4. Nd2 c5 5. c3 Nc6 6. Ngf3 Bd6 7. Bb5 0-0 8. Qa4 Bxf4 9. exf4 cxd4 10. cxd4 Qd6 11. Ne5 Bd7 12. 0-0 a6 13. Bxc6 Bxc6 14. Nxc6 bxc6 15. Nb3 Qxf4 16. Qxc6 Ng4 17. g3 Qh6 18. h4 g5 19. Kg2 gxh4 20. Rh1 Qf6 21. Qc2 hxg3 22. Qxh7# 1-0

[Event "Kaspersky op U16"]
[Site "Tornelo INT"]
[Date "2021.04.02"]
[Round "4"]
[White "Gonzalez De la Guardia, Luis Emilio"]
[Black "Yakubovskiy, Gleb"]
[Result "1-0"]
[WhiteElo "1550"]
[BlackElo "1091"]
[PlyCount "129"]
[EventDate "2021.04.02"]
[EventType "swiss (blitz)"]
[EventRounds "11"]
[EventCountry "RUS"]
[SourceTitle "CBM 201 Extra"]
[Source "ChessBase"]
[SourceDate "2021.05.31"]
[SourceVersion "1"]
[SourceVersionDate "2021.05.31"]
[SourceQuality "1"]

1. e4 c6 2. d4 d5 3. Nd2 dxe4 4. Nxe4 Nd7 5. Bc4 Ngf6 6. Ng3 e6 7. Nf3 Bd6 8. c3 b5 9. Bb3 Bb7 10. Bg5 h6 11. Bc1 0-0 12. 0-0 Qc7 13. Re1 c5 14. Qe2 Rfe8 15. Ne5 a6 16. a4 Qb6 17. Be3 c4 18. Nxd7 Nxd7 19. Bc2 Nf6 20. d5 Qc7 21. dxe6 Rxe6 22. Qd2 Rd8 23. Rad1 Qc6 24. f3 Bc7 25. Qf2 Rde8 26. Bd4 Rxe1+ 27. Rxe1 Rxe1+ 28. Qxe1 Qe8 29. Qxe8+ Nxe8 30. Nf5 Bc8 31. Ne3 Bb7 32. Nf5 Kf8 33. Kf2 Nd6 34. Nxg7 Ke7 35. Nf5+ Nxf5 36. Bxf5 bxa4 37. Bc2 Bc6 38. g3 Bb5 39. f4 Bd6 40. Kf3 Ke6 41. Kg4 f5+ 42. Bxf5+ Ke7 43. Kh5 Bd7 44. Bxd7 Kxd7 45. Kxh6 Ke6 46. Kg6 Kd5 47. h4 Kc6 48. h5 Kb5 49. h6 a3 50. bxa3 Bxa3 51. h7 Be7 52. h8Q a5 53. Qe5+ Ka4 54. Qxe7 Kb3 55. Qb7+ Kc2 56. Qb5 Kd3 57. Qxa5 Ke4 58. f5 Kd3 59. f6 Kc2 60. f7 Kd3 61. f8Q Kc2 62. Qff5+ Kd2 63. Qa2+ Ke1 64. Qff2+ Kd1 65. Qfd2# 1-0